| 000 | 00482nam a2200205Ia 4500 | ||
|---|---|---|---|
| 003 | OSt | ||
| 005 | 20250714150359.0 | ||
| 008 | 210210b2001 xxu||||| |||| 00| 0 eng d | ||
| 040 | _cAL | ||
| 041 | _aeng | ||
| 082 | _a657.42 ADIC | ||
| 100 |
_aK S Adiga _941149 |
||
| 245 | _aCost accounting Vol 1 | ||
| 260 |
_aUdupi _bShubha Prakashana _c2001 |
||
| 300 | _a1-67, Q-32 | ||
| 440 |
_aVol 1 _941150 |
||
| 690 |
_aCost Accounting _941151 |
||
| 906 | _a057294 | ||
| 942 |
_2ddc _cBK |
||
| 999 |
_c104731 _d104731 |
||